书目信息 |
| 书名: | The Family handyman handbook of carpentry plans/projects | |
| 作者: | editors of Family handyman | |
| 分册号: | ||
| 分册名: | 出版地: | Blue Ridge Summit, Pa. : |
|
| 出版社: | Tab Books | |
| 出版时间: | c1980. | |
| 页数: | 490 p. : | |
| 开本: | 22 cm. | |
| 丛书名: | ||
| 中图分类号: | ||
| 科图分类号: | ||
| 其他分类号: | TS646:H31 | |
| 主题词: | ||
| 电子资源: | ||
| 000 | 00985nam 2200301 a 4500 | |
| 001 | E0739761338 | |
| 005 | 20070301110950.43 | |
| 008 | uu | |
| 008 | 791003s1980 paua 00100 eng | |
| 010 | @a79023151 | |
| 020 | @a0830697284. | |
| 020 | @a083061110X (pbk.) :@c$9.95. | |
| 049 | @aN5LA | |
| 050 | 0 | @aTH5606 @b.F34 |
| 082 | @a643/.7 | |
| 090 | @a2/TS646-62/FHH////////*964811-12/ 2cop. | |
| 090 | @aTS646:H31 | |
| 096 | @aTS646-62 @v2 | |
| 099 | @dTS646:H31@ex30 | |
| 245 | 04 | @aThe Family handyman handbook of carpentry plans/projects / @ceditors of Family handyman |
| 250 | @a1st ed. | |
| 260 | 0 | @aBlue Ridge Summit, Pa. :@bTab Books,@cc1980. |
| 300 | @a490 p. :@bill. ;@c22 cm. | |
| 500 | @aIncludes index. | |
| 650 | 0 | @aCarpentry @xAmateurs' manuals. |
| 730 | 1 | @aFamily handyman. |
| 740 | 1 | @aHandbook of carpentry plans/projects. @b00 @c20020930 @lNLC09 @h2248 @lNLC09 @h2318 @lNLC09 @h1909 |
| 852 | 9 | @bWWJC @cJ08S @k2 @hTS646-62 @iFHH |
| The Family handyman handbook of carpentry plans/projects / / editors of Family handyman.-1st ed.-Blue Ridge Summit, Pa. : : Tab Books, , c1980. |
| 490 p. : : ill. ; ; 22 cm. |
| Includes index. |
| ISBN 0830697284. |
| ● |
| 相关链接 |
|
|
|
|
正题名:Family handyman handbook of carpentry plans/projects
索取号:TS646:H31/x30
 
预约/预借
| 序号 | 登录号 | 条形码 | 馆藏地/架位号 | 状态 | 备注 |
| 1 | 130776 | 001310780 | 第四借阅区/ [索取号:TS646:H31/x30] | 在馆 | |
| 2 | 130777 | 001310771 | 第四借阅区/ [索取号:TS646:H31/x30] | 在馆 | |
| 3 | 130778 | 001310799 | 第二样本阅览室/ [索取号:TS646:H31/x30] | 在馆 |